| 000 | 00000nas 2200000za 4500 |
| 001 | 9.501574 |
| 003 | CaOODSP |
| 005 | 20230412101323 |
| 007 | cr ||||||||||| |
| 008 | 150406d20042007xxc|| p o||||f| |0fre|d |
| 040 | |aCaOODSP|bfre |
| 043 | |an-cn--- |
| 086 | 1 |aA27-28F-PDF |
| 110 | 1 |aCanada. |bAgriculture et agroalimentaire Canada. |bSecrétariat rural, |eauteur, |eorganisme de publication. |
| 245 | 10|aManitoba connexion REN : |h[ressource électronique]|brurale, éloignée, du Nord / |cPublié par l'Équipe rural de Manitoba. |
| 246 | 1 |iTitre alternatif : |aManitoba connexion rurale, éloignée, du Nord |
| 260 | |aWinnipeg - Manitoba : |bAgriculture et Agroalimentaire Canada. |
| 310 | |aIrrégulier |
| 362 | 1 |aParaît depuis hiver 2004; ne paraît plus après hiver 2007. |
| 500 | |aSuivi de: A112-6/* Manitoba/Saskatchewan connexion REN. |
| 775 | 08|tManitoba RRN connection : |w(CaOODSP)9.505174 |
| 776 | 0#|tManitoba RRN connection : |w(CaOODSP)9.511324 |
| 776 | 0#|tManitoba Connexion REN : |w(CaOODSP)9.511325 |
| 776 | 0#|tManitoba connexion REN / |w(CaOODSP)9.513540 |